Improvised of steering system trainer / (Record no. 80375)

MARC details
000 -LEADER
fixed length control field 01754nam a22003137a 4500
003 - CONTROL NUMBER IDENTIFIER
control field URS
005 - DATE AND TIME OF LATEST TRANSACTION
control field 20240606211119.0
008 - FIXED-LENGTH DATA ELEMENTS--GENERAL INFORMATION
fixed length control field 240429b |||||||| |||| 00| 0 eng d
050 ## - LIBRARY OF CONGRESS CALL NUMBER
Classification number BT-AT
Item number C358 2009
245 10 - TITLE STATEMENT
Title Improvised of steering system trainer /
Statement of responsibility, etc. Jarbie P. Cajulao [and three others].
260 #1 - PUBLICATION, DISTRIBUTION, ETC.
Date of publication, distribution, etc. [2009]
300 ## - PHYSICAL DESCRIPTION
Extent xi, 45 leaves :
Other physical details illustrations ;
Dimensions 28 cm
336 ## - CONTENT TYPE
Source rdacontent
Content type term text
337 ## - MEDIA TYPE
Source rdamedia
Media type term unmediated
338 ## - CARRIER TYPE
Source rdacarrier
Carrier type term volume
500 ## - GENERAL NOTE
General note Undergraduate thesis (Automotive Technology) - University of Rizal System, Cainta 2009
504 ## - BIBLIOGRAPHY, ETC. NOTE
Bibliography, etc. note Includes bibliographical references.
520 ## - SUMMARY, ETC.
Summary, etc. "The main objective of the study was to improvise and evaluate a steering system trainer. Specifically, it aimed to design and construct steering system trainer using locally available materials and was evaluated by the automotive students 20 respondents evaluated the trainer in terms of efficiency, multi-functionality and safety using the five-point Likert Scale." -- Abstract
524 ## - PREFERRED CITATION OF DESCRIBED MATERIALS NOTE
Preferred citation of described materials note Cajulao, J. P. [and three others]. (2009). Improvised of steering system trainer. University of Rizal System.
546 ## - LANGUAGE NOTE
Language note In English text.
650 #0 - SUBJECT ADDED ENTRY--TOPICAL TERM
Topical term or geographic name entry element Automotive Technology
Form subdivision Thesis, Academic.
700 1# - ADDED ENTRY--PERSONAL NAME
Personal name Cajulao, Jarbie P.,
Relator term researcher.
700 1# - ADDED ENTRY--PERSONAL NAME
Personal name Degoma, Ryan Joseph P.,
Relator term researcher.
700 1# - ADDED ENTRY--PERSONAL NAME
Personal name Dolfo, Robin D.,
Relator term researcher.
700 1# - ADDED ENTRY--PERSONAL NAME
Personal name Encinares, Carlo Angelo E.,
Relator term researcher.
856 ## - ELECTRONIC LOCATION AND ACCESS
Materials specified Online Request for Student Unpublished Works
Uniform Resource Identifier <a href="https://docs.google.com/forms/d/e/1FAIpQLSdtj_eCncT3hgTIbOB8g-3uMYPTK14UGxs8cj-GqWFJPmnTLA/viewform">https://docs.google.com/forms/d/e/1FAIpQLSdtj_eCncT3hgTIbOB8g-3uMYPTK14UGxs8cj-GqWFJPmnTLA/viewform</a>
856 ## - ELECTRONIC LOCATION AND ACCESS
Materials specified Click here to access online
Uniform Resource Identifier <a href="https://drive.google.com/file/d/1bGSPzAt1pcJsosuAvSmd53NANdF6437F/view?usp=drive_link">https://drive.google.com/file/d/1bGSPzAt1pcJsosuAvSmd53NANdF6437F/view?usp=drive_link</a>
942 ## - ADDED ENTRY ELEMENTS (KOHA)
Source of classification or shelving scheme Library of Congress Classification
Koha item type Theses and dissertations
Holdings
Withdrawn status Source of classification or shelving scheme Damaged status Not for loan Collection code Home library Current library Shelving location Date acquired Source of acquisition Total Checkouts Full call number Barcode Date last seen Copy number Price effective from Koha item type
  Library of Congress Classification     Non-fiction Cainta College Library Cainta College Library Undergraduate Theses 04/30/2024 Donation   BT-AT C358 2009 URSCAI-UGT0354 04/29/2024 c.2 04/29/2024 Theses and dissertations
  Library of Congress Classification     Non-fiction Cainta College Library Cainta College Library Undergraduate Theses 04/30/2024 Donation   BT-AT C358 2009 URSCAI-UGT0242 04/29/2024 c.1 04/29/2024 Theses and dissertations

University of Rizal System
Email us at univlibservices@urs.edu.ph

Visit our Website www.urs.edu.ph/library